GMMTV bl series - sudden death - Statistics

General Stats
  • This quiz has been taken 93 times
    87 since last reset
  • The average score is 9 of 14
Answers on the Grid
Answers color-coded by a green-red scale on the quiz's grid according to % correct below.
Sotus
Water boy
Our skyy
Dark blue kiss
2gether
The shipper
Fish upon the sky
Moonlight chiken
Cutie pie
Peach of time
Why R U ?
Close friends
Duang with you
Love smart
Lovely writer
Love sea
Pitbabe
My school president
The trainee
Revamp
Me and thee
Memoir of Rati
Wu
Jun & Jun
 
Answer Stats
Answer % Correct
My school president
77%
2gether
75%
Moonlight chiken
75%
Wu
70%
Fish upon the sky
68%
Dark blue kiss
66%
Me and thee
64%
Sotus
64%
Memoir of Rati
60%
Our skyy
58%
Revamp
58%
The trainee
43%
The shipper
42%
Water boy
32%
No matching quizzes found
Score Distribution
Percent of People with Each Score
Percentile by Number Answered
Your Score History
You have not taken this quiz since the last reset